| 000 | 01083nam a22002415a 4500 | ||
|---|---|---|---|
| 003 | OSt | ||
| 005 | 20170223152650.0 | ||
| 008 | 160828s2014 xx frb 000 0 ara d | ||
| 015 | _a2014 / 13766 | ||
| 020 | _a9789770475751 | ||
| 040 |
_aEG-ScBUE _bara _cEG-ScBUE |
||
| 082 | 0 | 4 |
_a340.92 _bخ ل ي _222 |
| 100 | 1 | _aخليل، خالد عبد الفتاح محمد. | |
| 245 | 1 | 0 |
_aعقد التوزيع الحصري في القانون الدولي الخاص : _bماهية عقد التوزيع الحصري - القانون الذي يحكمه - أثر الاشتراطات المقيدة للمنافسة على تحديد القانون الواجب التطبيق / _cخالد عبد الفتاح محمد خليل. |
| 260 |
_a[د. م. : _bد. ن.]، _c2014. |
||
| 300 |
_a262 ص. ؛ _c24 سم. |
||
| 504 | _aيشتمل على إرجاعات ببليوجرافية. | ||
| 650 | 7 |
_aالعقود التجارية (قانون دولي) _2BUEsh |
|
| 650 | 7 |
_aالقانون الدولي الخاص. _2BUEsh |
|
| 651 | _2BUEsh | ||
| 653 |
_bLLAAWW _cFebruary2017 |
||
| 942 | _2ddc | ||
| 999 |
_c24241 _d24213 |
||